01011nam a2200253 a 450000100100000000500170001000800410002704000250006808200200009310000420011324501030015526000770025830000190033549000250035450000420037950000400042165000320046165000330049370000480052683000330057404900090060795201240061699900170074000002604720200930024246.0110225s1970 ec r 000 p spa d aDO-SdBNPbspacBNPHU aEc861.42bM552C1 aMera, Juan León,c1832-1894.91556110aCantares del pueblo ecuatoriano /cJuan León Mera ; introducción Hernán Rodríguez Castelo. aGuayaquil Quito, ( Ecuador) :bPublicaciones Educativas Ariel,c[1970?]. a2 v. ;c18 cm.1 aClásicos Arielv44 aIncluye notas al pie de las páginas aLa biblioteca posee el segundo tomo 4aPoesía ecuatoriana913387 4aLiteratura ecuatoriana939381 aRodríguez Castelo, Hernán,eintr.94689 0aClásicos Ariel ;v4493125 aBNGR 001054708MOaGRbGRcCTd2011-02-25iLF1l0oEc861.42 M552Cp26047-10r2020-06-25w2020-06-25y4ZPréstamo en sala c25539d25539